Stedman's Medical Dictionary: (Record no. 827)
[ view plain ]
| 000 -LEADER | |
|---|---|
| Fixed length control field | 00579nam a2200193Ia 4500 |
| 003 - CONTROL NUMBER IDENTIFIER | |
| Control field | IIN |
| 005 - DATE AND TIME OF LATEST TRANSACTION | |
| Control field | 20240129161053.0 |
| 008 - FIXED-LENGTH DATA ELEMENTS--GENERAL INFORMATION | |
| Fixed length control field | 231217s9999 xx 000 0 und d |
| 020 ## - INTERNATIONAL STANDARD BOOK NUMBER / ISBN | |
| Price | Rs.995.00 |
| International Standard Book Number | 9780781762106 |
| 040 ## - CATALOGING SOURCE | |
| Original cataloging agency | IIN |
| Language of cataloging | English |
| 082 ## - DEWEY DECIMAL CLASSIFICATION NUMBER | |
| Classification number | 610.3 |
| Book Number | STE |
| 100 1# - MAIN ENTRY--PERSONAL NAME | |
| Personal name | Stedman |
| 245 1# - TITLE STATEMENT | |
| Title | Stedman's Medical Dictionary: |
| Sub title | for the Health Professions and Nursing / |
| Statement of responsibility | Stedman |
| 250 ## - EDITION STATEMENT | |
| Edition statement | .- 5th ed |
| 260 ## - IMPRINT | |
| Name of publisher | Lippincott Williams & Wilkins |
| Place of publication | Philadelphia |
| Date of publication | 2005 |
| 300 ## - PHYSICAL DESCRIPTION | |
| Page / Vol. No | xxxii, 1597 p. |
| 650 1# - SUBJECT ADDED ENTRY--TOPICAL TERM | |
| Topical term | Dictionary |
| Form subdivision | Health Professions and Nursing |
| 942 ## - ADDED ENTRY ELEMENTS (KOHA) | |
| Koha item type | Reference Books |
| Withdrawn status | Lost status | Source of classification | Damaged status | Not for loan | Collection code | Home library | Current library | Date acquired | Price | Total Checkouts | Call number | Accession number | Date last seen | Price effective from | Koha item type |
|---|---|---|---|---|---|---|---|---|---|---|---|---|---|---|---|
| Dewey Decimal Classification | IDEAL INSTITUTE OF NURSING | IDEAL INSTITUTE OF NURSING | 17/12/2023 | 995.00 | 610.3 STE | 822 | 17/12/2023 | 17/12/2023 | Books | ||||||
| Dewey Decimal Classification | IDEAL INSTITUTE OF NURSING | IDEAL INSTITUTE OF NURSING | 17/12/2023 | 995.00 | 610.3 STE | 823 | 17/12/2023 | 17/12/2023 | Books | ||||||
| Dewey Decimal Classification | IDEAL INSTITUTE OF NURSING | IDEAL INSTITUTE OF NURSING | 17/12/2023 | 995.00 | 610.3 STE | 824 | 17/12/2023 | 17/12/2023 | Books | ||||||
| Dewey Decimal Classification | IDEAL INSTITUTE OF NURSING | IDEAL INSTITUTE OF NURSING | 17/12/2023 | 995.00 | 610.3 STE | 825 | 17/12/2023 | 17/12/2023 | Books | ||||||
| Dewey Decimal Classification | IDEAL INSTITUTE OF NURSING | IDEAL INSTITUTE OF NURSING | 17/12/2023 | 995.00 | 610.3 STE | 826 | 17/12/2023 | 17/12/2023 | Books |
